[Event "Open Praha 2016"]
[Site "Praha CZE"]
[Date "2016.01.14"]
[Round "8.44"]
[White "Fox, Anthony"]
[Black "Vrchotka, Josef"]
[Result "1-0"]
[WhiteElo "1966"]
[BlackElo "2070"]
[PlyCount "51"]
[EventDate "2016.01.08"]
[EventType "swiss"]
[EventRounds "9"]
[EventCountry "CZE"]
[Source "lmi"]
[SourceDate "2016.01.08"]

1. e4 c6 2. d4 d5 3. Nc3 dxe4 4. Nxe4 Nf6 5. Nxf6+ exf6 6. c3 Bd6 7. Bd3 O-O 8.
Ne2 Bg4 9. Qc2 Bxe2 10. Bxe2 Re8 11. Be3 Nd7 12. O-O f5 13. Qxf5 g6 14. Qc2 Qh4
15. g3 Qf6 16. Rfe1 g5 17. Bg4 Nb6 18. c4 Bc7 19. b3 h6 20. Rad1 Rad8 21. Kg2
Re7 22. d5 cxd5 23. Bd4 Be5 24. Rxe5 Rxe5 25. Qb2 Rde8 26. Re1 1-0

[Event "Open Praha 2016"]
[Site "Praha CZE"]
[Date "2016.01.15"]
[Round "9.1"]
[White "Hovsepyan, Vardan"]
[Black "Atalik, Ekaterina"]
[Result "0-1"]
[WhiteElo "2067"]
[BlackElo "2378"]
[PlyCount "80"]
[EventDate "2016.01.08"]
[EventType "swiss"]
[EventRounds "9"]
[EventCountry "CZE"]
[Source "lmi"]
[SourceDate "2016.01.08"]

1. e4 e5 2. Nf3 Nc6 3. Bb5 Nf6 4. d3 d6 5. O-O Be7 6. c3 O-O 7. Re1 a6 8. Ba4
b5 9. Bc2 Nd7 10. Nbd2 Nb6 11. Nf1 Bf6 12. Be3 g6 13. Bh6 Bg7 14. Bxg7 Kxg7 15.
d4 Bg4 16. Ne3 Bxf3 17. gxf3 Qf6 18. d5 Ne7 19. b3 Rac8 20. Kg2 Qf4 21. Rg1 c6
22. dxc6 Rxc6 23. Rc1 Rd8 24. c4 bxc4 25. bxc4 Nxc4 26. Nxc4 Rxc4 27. Bd3 Qg5+
28. Kh1 Rxc1 29. Qxc1 Qf6 30. f4 exf4 31. Qc7 Rc8 32. Qb7 a5 33. Rd1 Rc5 34.
Bb5 f3 35. Ba4 Rh5 36. Bd7 Qe5 37. h3 f5 38. Bxf5 gxf5 39. Rg1+ Kf6 40. Rg3 Rg5
0-1

[Event "Open Praha 2016"]
[Site "Praha CZE"]
[Date "2016.01.15"]
[Round "9.3"]
[White "Schmidt-Schaeffer, Sebastian"]
[Black "Gavrilov, Alexei"]
[Result "1-0"]
[WhiteElo "2381"]
[BlackElo "2425"]
[PlyCount "77"]
[EventDate "2016.01.08"]
[EventType "swiss"]
[EventRounds "9"]
[EventCountry "CZE"]
[Source "lmi"]
[SourceDate "2016.01.08"]

1. f4 d5 2. Nf3 g6 3. e3 Bg7 4. d4 Nf6 5. Be2 O-O 6. O-O c5 7. c3 Qc7 8. Ne5
Nc6 9. Nd3 cxd4 10. exd4 Bf5 11. Nd2 b5 12. Nc5 b4 13. g4 Bc8 14. Ndb3 bxc3 15.
bxc3 Na5 16. f5 gxf5 17. gxf5 Kh8 18. Bf4 Qd8 19. Bd3 Nc4 20. Qf3 Nb2 21. Bc2
a5 22. Rab1 Nc4 23. Bd3 Nd6 24. Be5 Rg8 25. Kh1 a4 26. Nd2 Qa5 27. Rb4 Qc7 28.
Rfb1 Ra5 29. Bxf6 Bxf6 30. Qxd5 Rg5 31. Nf3 Bd7 32. Rb6 Rh5 33. Rxd6 exd6 34.
Qxf7 Rxh2+ 35. Kxh2 dxc5+ 36. Kg2 Bg7 37. Rh1 Ra7 38. Rxh7+ Kxh7 39. f6+ 1-0

[Event "Open Praha 2016"]
[Site "Praha CZE"]
[Date "2016.01.15"]
[Round "9.4"]
[White "Hoefelsauer, Thomas"]
[Black "Rzayev, Bahruz"]
[Result "0-1"]
[WhiteElo "2304"]
[BlackElo "2400"]
[PlyCount "88"]
[EventDate "2016.01.08"]
[EventType "swiss"]
[EventRounds "9"]
[EventCountry "CZE"]
[Source "lmi"]
[SourceDate "2016.01.08"]

1. d4 d6 2. Nf3 Nd7 3. c4 g6 4. g3 Bg7 5. Bg2 e5 6. Nc3 Ne7 7. O-O O-O 8. e4
exd4 9. Nxd4 Nc6 10. Nxc6 bxc6 11. Qc2 Ne5 12. b3 h5 13. h3 Qf6 14. f4 Nd7 15.
Bb2 Qe7 16. Na4 Nf6 17. Rae1 Qd8 18. f5 Qe8 19. e5 Bxf5 20. exf6 Bxc2 21. Rxe8
Rfxe8 22. fxg7 Be4 23. Rf2 Re6 24. g4 hxg4 25. hxg4 g5 26. Bf1 Rh6 27. Rh2 Rxh2
28. Kxh2 Re8 29. Kg3 Re6 30. Nc3 Bh1 31. Ne2 c5 32. Kf2 Rh6 33. Ke3 Re6+ 34.
Kd2 Bf3 35. Ng3 Bxg4 36. Bg2 Rg6 37. Be4 Rh6 38. Bf5 Rh2+ 39. Kc1 Rg2 40. Bxg4
Rxg3 41. Be2 Rg1+ 42. Kd2 g4 43. Bf6 g3 44. Ke3 Re1 0-1

[Event "Open Praha 2016"]
[Site "Praha CZE"]
[Date "2016.01.15"]
[Round "9.5"]
[White "Wisniewski, Michal"]
[Black "Chudinovskikh, Alexander M"]
[Result "0-1"]
[WhiteElo "2270"]
[BlackElo "2241"]
[PlyCount "122"]
[EventDate "2016.01.08"]
[EventType "swiss"]
[EventRounds "9"]
[EventCountry "CZE"]
[Source "lmi"]
[SourceDate "2016.01.08"]

1. e4 e5 2. Nf3 Nc6 3. d4 exd4 4. Nxd4 d6 5. Nc3 Nf6 6. g3 Be7 7. Bg2 Bd7 8.
O-O O-O 9. h3 Re8 10. Be3 Bf8 11. Qd2 Ne5 12. b3 c5 13. Nde2 Bxh3 14. f3 Bxg2
15. Kxg2 Qd7 16. Rad1 Rad8 17. Bg5 Be7 18. Nf4 Ng6 19. Nxg6 fxg6 20. Bxf6 Bxf6
21. Nd5 Re5 22. Rh1 Rf8 23. Rh3 Qf7 24. Qd3 Bd8 25. Rdh1 h6 26. Rd1 b5 27. c4
bxc4 28. bxc4 h5 29. Rb1 Bf6 30. Nf4 Bg5 31. Nd5 Ree8 32. Rhh1 Bf6 33. Rb3 Rb8
34. Nxf6+ Qxf6 35. Rhb1 Rxb3 36. Rxb3 Qa1 37. Qd2 Kh7 38. Qb2 Qd1 39. a4 a5 40.
f4 Qe1 41. Qc2 Re8 42. Kf3 h4 43. gxh4 Qxh4 44. Qg2 Rf8 45. Ke2 Rxf4 46. Rh3
Rf2+ 47. Qxf2 Qxh3 48. Qf4 Qh5+ 49. Kf2 Qe5 50. Qh4+ Kg8 51. Qd8+ Kf7 52. Qxa5
Qf4+ 53. Kg1 Qc1+ 54. Kf2 Qxc4 55. Qc7+ Ke6 56. Qc8+ Ke5 57. Qe8+ Kf4 58. Qf8+
Kxe4 59. Qe7+ Kd3 60. Qxd6+ Qd4+ 61. Qxd4+ Kxd4 0-1

[Event "Open Praha 2016"]
[Site "Praha CZE"]
[Date "2016.01.15"]
[Round "9.6"]
[White "Plischki, Sebastian"]
[Black "Jurcik, Marian"]
[Result "0-1"]
[WhiteElo "2377"]
[BlackElo "2500"]
[PlyCount "78"]
[EventDate "2016.01.08"]
[EventType "swiss"]
[EventRounds "9"]
[EventCountry "CZE"]
[Source "lmi"]
[SourceDate "2016.01.08"]

1. d4 e6 2. c4 b6 3. e4 Bb7 4. Bd3 Bb4+ 5. Kf1 Be7 6. Nc3 d6 7. Nf3 Nd7 8. g3
Ngf6 9. Kg2 O-O 10. Re1 e5 11. d5 c6 12. Kg1 a6 13. Nh4 Nc5 14. Bf1 cxd5 15.
cxd5 a5 16. Nf5 Bc8 17. Qf3 Ne8 18. Rb1 Bg5 19. Ne3 g6 20. b4 axb4 21. Rxb4
Bxe3 22. Bxe3 Ra3 23. Bc1 Ra7 24. Bh6 Ng7 25. Qd1 f5 26. exf5 Bxf5 27. f4 exf4
28. Bxf4 g5 29. Bc1 Bg6 30. a4 Raf7 31. Bb5 Qf6 32. Qd4 Qf5 33. Bb2 h5 34. Nb1
Qh3 35. Nd2 Bd3 36. Nf3 g4 37. Bxd3 Nxd3 38. Rf1 gxf3 39. Rxf3 Ne5 0-1

[Event "Open Praha 2016"]
[Site "Praha CZE"]
[Date "2016.01.15"]
[Round "9.7"]
[White "Shevchenko, Kirill"]
[Black "Sergeev, Vladimir"]
[Result "1/2-1/2"]
[WhiteElo "2373"]
[BlackElo "2452"]
[PlyCount "161"]
[EventDate "2016.01.08"]
[EventType "swiss"]
[EventRounds "9"]
[EventCountry "CZE"]
[Source "lmi"]
[SourceDate "2016.01.08"]

1. e4 d6 2. d4 g6 3. Nc3 c6 4. f4 d5 5. e5 h5 6. Nf3 Nh6 7. Be3 Bg4 8. h3 Nf5
9. Bf2 Bxf3 10. Qxf3 h4 11. Bd3 e6 12. O-O Nd7 13. Ne2 Be7 14. b3 a5 15. c4 Nb6
16. Rfc1 O-O 17. Kh2 Kg7 18. c5 Nd7 19. a3 b6 20. b4 axb4 21. axb4 Rxa1 22.
Rxa1 Qc7 23. Ng1 Rb8 24. Qe2 bxc5 25. bxc5 Rb4 26. Nf3 Nf8 27. Qe1 Rb3 28. Bc2
Rb2 29. Qc1 Qb7 30. Rb1 Rb4 31. Qe1 Rb2 32. Qc1 Rb4 33. Be1 Rxb1 34. Qxb1 Qa6
35. Bd3 Qa3 36. Bf2 Bd8 37. Bc2 Qc3 38. Qb3 Qa1 39. Qb1 Qc3 40. Qb3 Qa1 41. Bb1
Qa6 42. Bd3 Qa8 43. Qb2 Kg8 44. Qb1 Kg7 45. Qb2 Kg8 46. Be1 Kg7 47. Bc3 Ng3 48.
Be1 Nf5 49. Bb1 Qa6 50. Qb8 Ba5 51. Bxa5 Qxa5 52. Qb7 Nh6 53. Qb2 Nf5 54. Qb7
Nh6 55. Qe7 Qa1 56. Qf6+ Kg8 57. Qxh4 Nf5 58. Bxf5 exf5 59. Qe7 Qc1 60. Qh4 Ne6
61. Kg3 Qe3 62. Qf6 Qxf4+ 63. Kf2 g5 64. Qh6 Qe4 65. Kg3 g4 66. hxg4 Qxg4+ 67.
Kh2 f4 68. Qf6 Qg3+ 69. Kg1 Qg6 70. Qh4 Qe4 71. Kh2 Qf5 72. Qe7 Kg7 73. Qe8
Nxd4 74. Nxd4 Qh5+ 75. Kg1 Qd1+ 76. Kh2 Qxd4 77. Qe7 Qe4 78. Qf6+ Kg8 79. Qd8+
Kg7 80. Qf6+ Kg8 81. Qd8+ 1/2-1/2

[Event "Open Praha 2016"]
[Site "Praha CZE"]
[Date "2016.01.15"]
[Round "9.8"]
[White "Meister, Yakov"]
[Black "Jurcik, Martin"]
[Result "1-0"]
[WhiteElo "2446"]
[BlackElo "2349"]
[PlyCount "113"]
[EventDate "2016.01.08"]
[EventType "swiss"]
[EventRounds "9"]
[EventCountry "CZE"]
[Source "lmi"]
[SourceDate "2016.01.08"]

1. c4 e5 2. Nc3 Nf6 3. e3 Bb4 4. Nge2 O-O 5. a3 Bxc3 6. Nxc3 c6 7. d4 exd4 8.
Qxd4 d5 9. b4 dxc4 10. Qxd8 Rxd8 11. Bxc4 Nbd7 12. O-O Ne5 13. Be2 Bf5 14. f3
Nd3 15. e4 Nxc1 16. Raxc1 Be6 17. Rfd1 Bb3 18. Rxd8+ Rxd8 19. Kf2 Nd7 20. Rb1
Be6 21. Rd1 Kf8 22. f4 f6 23. Ke3 Ke7 24. a4 Rc8 25. a5 a6 26. Rc1 Rd8 27. Na4
Bb3 28. Nb2 Nf8 29. Nd3 Nd7 30. Bg4 Be6 31. Bf3 Bb3 32. Rc3 Be6 33. h4 h6 34.
h5 Re8 35. Nc5 Nxc5 36. bxc5 Rd8 37. Rd3 Rxd3+ 38. Kxd3 Kf7 39. Ke3 Ke7 40. Kf2
Bf7 41. Bg4 Bc4 42. Ke3 Kd8 43. Kd4 Bf7 44. e5 Be8 45. exf6 gxf6 46. Ke3 Bf7
47. Kf2 Bc4 48. Bf5 Ke7 49. g4 Bb5 50. Kg3 Be2 51. Kh4 Kf7 52. g5 fxg5+ 53.
fxg5 Kg7 54. Bc8 Bd3 55. Bxb7 Bb5 56. Bc8 Be2 57. Bg4 1-0

[Event "Open Praha 2016"]
[Site "Praha CZE"]
[Date "2016.01.15"]
[Round "9.9"]
[White "Rydl, Jiri"]
[Black "Pultorak, Jan"]
[Result "1-0"]
[WhiteElo "2412"]
[BlackElo "2317"]
[PlyCount "77"]
[EventDate "2016.01.08"]
[EventType "swiss"]
[EventRounds "9"]
[EventCountry "CZE"]
[Source "lmi"]
[SourceDate "2016.01.08"]

1. Nf3 Nf6 2. g3 d5 3. Bg2 c6 4. c4 Bg4 5. Ne5 Be6 6. cxd5 Bxd5 7. Nf3 Nbd7 8.
Nc3 e5 9. O-O Bxf3 10. Bxf3 Be7 11. Rb1 Nb6 12. Bg2 O-O 13. b4 Nbd5 14. b5 Nxc3
15. dxc3 Qa5 16. bxc6 bxc6 17. Rb7 Ba3 18. Bg5 Nd5 19. c4 Nb6 20. Bxc6 h6 21.
Be3 Nxc4 22. Qb3 Nd6 23. Rd7 Rfd8 24. Re7 Kf8 25. Bxa8 Kxe7 26. Bc6 Rc8 27. Bg2
Qc3 28. Qd5 a6 29. Rb1 Kf8 30. Bh3 Rd8 31. Rb3 Qa1+ 32. Kg2 Qxa2 33. Qa5 Qxb3
34. Qxd8+ Ne8 35. Bd7 Qd5+ 36. f3 Kg8 37. Qxe8+ Kh7 38. Bf5+ g6 39. Bd3 1-0

[Event "Open Praha 2016 - B"]
[Site "Praha CZE"]
[Date "2016.01.08"]
[Round "1.2"]
[White "Svidinsky, Dmitry"]
[Black "Stankova, Zuzana"]
[Result "1-0"]
[WhiteElo "2072"]
[BlackElo "1658"]
[PlyCount "79"]
[EventDate "2016.01.08"]
[EventType "swiss"]
[EventRounds "9"]
[EventCountry "CZE"]
[Source "lmi"]
[SourceDate "2016.01.08"]

1. d4 Nf6 2. Nf3 d6 3. c4 g6 4. Nc3 Bg7 5. e4 O-O 6. Be2 Nc6 7. d5 Ne5 8. Nxe5
dxe5 9. O-O e6 10. Bg5 exd5 11. cxd5 a6 12. b4 Qd6 13. Qb3 c6 14. Be3 Qc7 15.
Rac1 cxd5 16. Nxd5 Qd8 17. Nc7 Be6 18. Nxe6 fxe6 19. Qxe6+ Kh8 20. Rfd1 Qb8 21.
f3 b5 22. Rc6 a5 23. Bc5 Re8 24. Qf7 axb4 25. Rxf6 Qc8 26. Bxb4 Bxf6 27. Qxf6+
Kg8 28. a3 Ra6 29. Qg5 Rb6 30. Qd2 Rb8 31. Qd5+ Kg7 32. h4 Qc2 33. Qd7+ Kg8 34.
Qd2 Qxd2 35. Rxd2 Kf7 36. Rd5 Ke6 37. Bxb5 Re7 38. Bc4 Reb7 39. Rd6+ Ke7 40.
Re6+ 1-0

[Event "Open Praha 2016 - B"]
[Site "Praha CZE"]
[Date "2016.01.08"]
[Round "1.3"]
[White "Werner, Roman"]
[Black "Pflantz, Mike"]
[Result "1/2-1/2"]
[WhiteElo "1654"]
[BlackElo "2067"]
[PlyCount "56"]
[EventDate "2016.01.08"]
[EventType "swiss"]
[EventRounds "9"]
[EventCountry "CZE"]
[Source "lmi"]
[SourceDate "2016.01.08"]

1. e4 d5 2. exd5 Qxd5 3. Nc3 Qa5 4. d4 c6 5. Nf3 Bf5 6. Bd3 e6 7. O-O Nf6 8.
Ne5 Bxd3 9. Qxd3 Be7 10. Bd2 Qc7 11. Qg3 g6 12. Rfe1 Nbd7 13. Rad1 Nh5 14. Qf3
O-O 15. Bh6 Ng7 16. Ne4 Nxe5 17. Nf6+ Bxf6 18. Qxf6 Nh5 19. Qxe5 Qxe5 20. Rxe5
Rfd8 21. c4 Nf6 22. f3 Nd7 23. Re2 Nb6 24. b3 Re8 25. Rde1 Rad8 26. Re4 Nc8 27.
g4 Nd6 28. Re5 a6 1/2-1/2

[Event "Open Praha 2016 - B"]
[Site "Praha CZE"]
[Date "2016.01.08"]
[Round "1.4"]
[White "Schuran, Sebastian"]
[Black "Ruzicka, Vaclav"]
[Result "0-1"]
[WhiteElo "2038"]
[BlackElo "1650"]
[PlyCount "52"]
[EventDate "2016.01.08"]
[EventType "swiss"]
[EventRounds "9"]
[EventCountry "CZE"]
[Source "lmi"]
[SourceDate "2016.01.08"]

1. e4 c6 2. d4 d5 3. exd5 cxd5 4. c4 Nf6 5. Nc3 e6 6. Nf3 Nc6 7. Bd3 Bb4 8. O-O
Bxc3 9. bxc3 O-O 10. Bg5 h6 11. Bh4 dxc4 12. Bxc4 g5 13. Bg3 Ne4 14. Qc2 f5 15.
Rfe1 Qa5 16. Qb3 Qxc3 17. Bxe6+ Kg7 18. Qd5 Bxe6 19. Qxe6 Rae8 20. Qd7+ Re7 21.
Be5+ Kg6 22. Qd5 Rd8 23. Qb5 Qb4 24. Qd3 Nxe5 25. Nxe5+ Rxe5 26. Qc2 Rxd4 0-1

[Event "Open Praha 2016 - B"]
[Site "Praha CZE"]
[Date "2016.01.08"]
[Round "1.7"]
[White "Koubova, Anna Marie"]
[Black "Drozdov, Vladimir"]
[Result "1-0"]
[WhiteElo "1627"]
[BlackElo "2010"]
[PlyCount "79"]
[EventDate "2016.01.08"]
[EventType "swiss"]
[EventRounds "9"]
[EventCountry "CZE"]
[Source "lmi"]
[SourceDate "2016.01.08"]

1. d4 d5 2. Nf3 Nf6 3. g3 e6 4. c4 c6 5. Bg2 Nbd7 6. b3 Be7 7. O-O O-O 8. Nc3
b6 9. Bf4 Ba6 10. Nd2 Rc8 11. e4 dxe4 12. Ndxe4 Nxe4 13. Nxe4 Nf6 14. Qc2 Nxe4
15. Qxe4 c5 16. d5 exd5 17. Qxd5 Qxd5 18. Bxd5 Bf6 19. Rad1 Rfe8 20. Rfe1 h6
21. Kf1 Bd4 22. Rxe8+ Rxe8 23. Re1 Rd8 24. Kg2 Bf6 25. Re4 Bc8 26. Bc7 Bf5 27.
Rf4 Rd7 28. Bxb6 axb6 29. Rxf5 Re7 30. Rf3 Bd4 31. a3 g6 32. b4 Kg7 33. b5 f5
34. a4 Ra7 35. Ra3 Kf6 36. f4 g5 37. a5 Ke7 38. axb6 Rxa3 39. b7 Ra2+ 40. Kf1
1-0

[Event "Open Praha 2016 - B"]
[Site "Praha CZE"]
[Date "2016.01.08"]
[Round "1.8"]
[White "Slabicki, Andrzej"]
[Black "Sebek, Pavel"]
[Result "1/2-1/2"]
[WhiteElo "2005"]
[BlackElo "1627"]
[PlyCount "63"]
[EventDate "2016.01.08"]
[EventType "swiss"]
[EventRounds "9"]
[EventCountry "CZE"]
[Source "lmi"]
[SourceDate "2016.01.08"]

1. e4 c5 2. c3 Nc6 3. d4 cxd4 4. cxd4 e6 5. Nc3 Nf6 6. e5 Nd5 7. Nxd5 exd5 8.
Nf3 d6 9. Bd3 dxe5 10. dxe5 Bb4+ 11. Bd2 Bxd2+ 12. Qxd2 Qe7 13. O-O-O O-O 14.
Rhe1 h6 15. Kb1 Bg4 16. Qf4 Be6 17. h4 f6 18. Qg3 Qf7 19. Bg6 Qe7 20. Ka1 fxe5
21. Nxe5 Rf6 22. f4 Nxe5 23. Rxe5 Qd6 24. f5 Raf8 25. fxe6 Rxg6 26. Qxg6 Qxe5
27. g4 a5 28. a3 b5 29. Qd3 Qxe6 30. Qxd5 Qxd5 31. Rxd5 Rf4 32. Rxb5 1/2-1/2

[Event "Open Praha 2016 - B"]
[Site "Praha CZE"]
[Date "2016.01.09"]
[Round "2.1"]
[White "Plesnik, Miroslav"]
[Black "Svidinsky, Dmitry"]
[Result "0-1"]
[WhiteElo "1800"]
[BlackElo "2072"]
[PlyCount "62"]
[EventDate "2016.01.08"]
[EventType "swiss"]
[EventRounds "9"]
[EventCountry "CZE"]
[Source "lmi"]
[SourceDate "2016.01.08"]

1. d4 d5 2. Nf3 Nf6 3. c4 dxc4 4. Nc3 a6 5. a4 Nc6 6. e3 Na5 7. Nd2 Be6 8. Qc2
g6 9. Nce4 Nxe4 10. Qxe4 Bg7 11. Qc2 b5 12. Be2 O-O 13. O-O Bd5 14. e4 Bb7 15.
d5 c6 16. dxc6 Nxc6 17. axb5 axb5 18. Rxa8 Qxa8 19. Nf3 Nb4 20. Qd2 Na2 21. Qd7
Nxc1 22. Rxc1 Bxb2 23. Rd1 Bxe4 24. Qxb5 c3 25. Ne1 c2 26. Qxb2 cxd1=Q 27. Bxd1
Rb8 28. Qe2 Rb1 29. f3 Bf5 30. g4 Qd5 31. Bc2 Bxc2 0-1

[Event "Open Praha 2016 - B"]
[Site "Praha CZE"]
[Date "2016.01.09"]
[Round "2.2"]
[White "Soural, Karel"]
[Black "Wallace, Mitchel"]
[Result "1-0"]
[WhiteElo "2037"]
[BlackElo "1777"]
[PlyCount "51"]
[EventDate "2016.01.08"]
[EventType "swiss"]
[EventRounds "9"]
[EventCountry "CZE"]
[Source "lmi"]
[SourceDate "2016.01.08"]

1. e4 d6 2. d4 Nf6 3. Nc3 Nbd7 4. f4 e5 5. dxe5 dxe5 6. fxe5 Nxe5 7. Qxd8+ Kxd8
8. Bg5 c6 9. Nf3 Bd6 10. O-O-O Kc7 11. Be2 Be6 12. Rxd6 Kxd6 13. Bf4 Nfd7 14.
Rd1+ Ke7 15. Nxe5 Nb6 16. b3 Rac8 17. a4 f6 18. Nf3 c5 19. a5 Nd7 20. Nd5+ Kf7
21. Bc4 g5 22. Bxg5 Rhg8 23. Bf4 Rxg2 24. Bg3 Kg7 25. Ne3 Rxg3 26. hxg3 1-0

[Event "Open Praha 2016 - B"]
[Site "Praha CZE"]
[Date "2016.01.09"]
[Round "2.3"]
[White "Poborsky, Josef"]
[Black "Biza, Miroslav"]
[Result "1-0"]
[WhiteElo "1964"]
[BlackElo "1737"]
[PlyCount "73"]
[EventDate "2016.01.08"]
[EventType "swiss"]
[EventRounds "9"]
[EventCountry "CZE"]
[Source "lmi"]
[SourceDate "2016.01.08"]

1. e4 Nf6 2. d3 e5 3. Nf3 Nc6 4. Nc3 Bb4 5. Bd2 d6 6. a3 Ba5 7. h3 O-O 8. b4
Bb6 9. Na4 Bd7 10. Nxb6 axb6 11. c4 Ne7 12. Be2 Ba4 13. Qc1 c6 14. Bg5 Ng6 15.
Nh2 h6 16. Be3 Kh7 17. O-O b5 18. c5 d5 19. Ng4 d4 20. Bd2 Bb3 21. g3 Be6 22.
f4 Nxg4 23. hxg4 Bd7 24. f5 Ne7 25. f6 Ng8 26. fxg7 Kxg7 27. Kg2 Re8 28. Rh1
Re6 29. g5 hxg5 30. Bxg5 f6 31. Bh6+ Kf7 32. Bh5+ Ke7 33. Bg4 Nxh6 34. Qxh6 Qe8
35. Qg7+ Qf7 36. Qxf7+ Kxf7 37. Rh7+ 1-0

[Event "Open Praha 2016 - B"]
[Site "Praha CZE"]
[Date "2016.01.09"]
[Round "2.4"]
[White "Havelka, Jiri"]
[Black "Jaeger, Andre"]
[Result "0-1"]
[WhiteElo "1761"]
[BlackElo "1962"]
[PlyCount "62"]
[EventDate "2016.01.08"]
[EventType "swiss"]
[EventRounds "9"]
[EventCountry "CZE"]
[Source "lmi"]
[SourceDate "2016.01.08"]

1. d4 Nf6 2. Bf4 g6 3. e3 Bg7 4. Be2 c5 5. c4 cxd4 6. exd4 d5 7. Nc3 Nc6 8. Nf3
O-O 9. O-O dxc4 10. Bxc4 Bg4 11. d5 Bxf3 12. Qxf3 Nd4 13. Qd3 Nf5 14. Rfd1 Nd6
15. Bb3 a6 16. h3 Rc8 17. Qe3 Re8 18. Rac1 Nc4 19. Qe2 b5 20. a4 Na5 21. Ba2 b4
22. Ne4 Nxe4 23. Qxe4 b3 24. Rxc8 Qxc8 25. Bxb3 Nxb3 26. Qb4 Qc2 27. Rf1 Nd4
28. Be3 Ne2+ 29. Kh1 Qxb2 30. Qxb2 Bxb2 31. Rb1 Rb8 0-1

[Event "Open Praha 2016 - B"]
[Site "Praha CZE"]
[Date "2016.01.09"]
[Round "2.5"]
[White "Svetly, Jiri"]
[Black "Konvalinka, Vladislav"]
[Result "1-0"]
[WhiteElo "1962"]
[BlackElo "1709"]
[PlyCount "99"]
[EventDate "2016.01.08"]
[EventType "swiss"]
[EventRounds "9"]
[EventCountry "CZE"]
[Source "lmi"]
[SourceDate "2016.01.08"]

1. d4 d5 2. c4 c6 3. Nc3 dxc4 4. e4 e5 5. Nf3 exd4 6. Qxd4 Qxd4 7. Nxd4 Nf6 8.
Bxc4 b5 9. Bd3 b4 10. Nce2 Ba6 11. Bxa6 Nxa6 12. Nxc6 Nxe4 13. f3 Nec5 14. Ned4
Ne6 15. Nxe6 fxe6 16. Be3 Bc5 17. Ke2 Rc8 18. Bxc5 Rxc6 19. Bd4 Kf7 20. Rad1
Nc7 21. Rc1 Rxc1 22. Rxc1 Nd5 23. Rc6 Rd8 24. g3 Ne7 25. Rc4 Nd5 26. Kd3 Rd7
27. Ke4 a6 28. Rc6 Nc7 29. Be5 Ne8 30. Rxa6 Rd2 31. Ra7+ Kf8 32. h4 h6 33. Ke3
Rd5 34. f4 Nf6 35. Rb7 Ng4+ 36. Kf3 Nxe5+ 37. fxe5 Ra5 38. Rxb4 Rxa2 39. Rb7
Ra5 40. Kf4 Ra4+ 41. b4 Ra1 42. Rc7 Rb1 43. Rc4 Kf7 44. Ke4 Re1+ 45. Kd4 Rd1+
46. Kc5 Rd5+ 47. Kc6 Rxe5 48. b5 g5 49. b6 gxh4 50. gxh4 1-0

[Event "Open Praha 2016 - B"]
[Site "Praha CZE"]
[Date "2016.01.09"]
[Round "3.1"]
[White "Svidinsky, Dmitry"]
[Black "Ruzicka, Ondrej"]
[Result "1-0"]
[WhiteElo "2072"]
[BlackElo "1892"]
[PlyCount "81"]
[EventDate "2016.01.08"]
[EventType "swiss"]
[EventRounds "9"]
[EventCountry "CZE"]
[Source "lmi"]
[SourceDate "2016.01.08"]

1. d4 d5 2. c4 c6 3. Nc3 e6 4. e3 Nf6 5. Nf3 Nbd7 6. Qc2 Bd6 7. b3 e5 8. Be2
O-O 9. Bb2 b6 10. cxd5 cxd5 11. dxe5 Nxe5 12. Nxe5 Bxe5 13. Nb5 Bxb2 14. Qxb2
a6 15. Nd4 Bb7 16. O-O Rc8 17. Nf5 Qd7 18. Bg4 Kh8 19. Bh3 Qc7 20. Qd4 Qc5 21.
Qf4 Rc6 22. b4 Qc3 23. Nd4 Rc4 24. a3 Rd8 25. g3 Qd3 26. Bf5 Qc3 27. Rfd1 Bc8
28. Qb8 b5 29. Bd3 Rc7 30. Bf5 Rg8 31. Qb6 Bxf5 32. Nxf5 Rc6 33. Qb7 Ng4 34.
Rf1 Rf8 35. Qe7 Rg8 36. Nd6 Nh6 37. Nxf7+ Nxf7 38. Qxf7 d4 39. exd4 Qxd4 40.
Rae1 Qb2 41. Re8 1-0

[Event "Open Praha 2016 - B"]
[Site "Praha CZE"]
[Date "2016.01.09"]
[Round "3.2"]
[White "Ziabari, Morteza"]
[Black "Soural, Karel"]
[Result "0-1"]
[WhiteElo "1862"]
[BlackElo "2037"]
[PlyCount "92"]
[EventDate "2016.01.08"]
[EventType "swiss"]
[EventRounds "9"]
[EventCountry "CZE"]
[Source "lmi"]
[SourceDate "2016.01.08"]

1. e4 e5 2. Nf3 Nc6 3. Bb5 a6 4. Bxc6 dxc6 5. Nc3 f6 6. d4 exd4 7. Qxd4 Qxd4 8.
Nxd4 Bd7 9. Be3 Bb4 10. a3 Bxc3+ 11. bxc3 O-O-O 12. a4 a5 13. O-O Re8 14. Nb3
b6 15. f3 Ne7 16. c4 c5 17. Rfe1 Nc6 18. c3 Ne5 19. Nd2 Be6 20. f4 Nxc4 21.
Nxc4 Bxc4 22. Bf2 Re6 23. Bg3 Rhe8 24. e5 f5 25. h4 Rd8 26. Red1 Ree8 27. Re1
Rd3 28. Bf2 Rxc3 29. Re3 Rxe3 30. Bxe3 Rd8 31. Kf2 Rd3 32. g4 fxg4 33. f5 Rd8
34. Kg3 h5 35. Kf4 Rf8 36. Kg5 Bd3 37. f6 gxf6+ 38. exf6 g3 39. Rd1 c4 40. Bd4
c5 41. Bc3 Rg8+ 42. Kxh5 Be2+ 43. Kh6 Bxd1 44. f7 Rf8 45. Kg7 Rxf7+ 46. Kxf7 g2
0-1

[Event "Open Praha 2016 - B"]
[Site "Praha CZE"]
[Date "2016.01.09"]
[Round "3.3"]
[White "Mejzr, Jan"]
[Black "Poborsky, Josef"]
[Result "0-1"]
[WhiteElo "1844"]
[BlackElo "1964"]
[PlyCount "90"]
[EventDate "2016.01.08"]
[EventType "swiss"]
[EventRounds "9"]
[EventCountry "CZE"]
[Source "lmi"]
[SourceDate "2016.01.08"]

1. e4 e6 2. d4 d5 3. Nd2 c5 4. Bb5+ Nc6 5. Ngf3 a6 6. Bxc6+ bxc6 7. O-O Nf6 8.
exd5 cxd5 9. c3 Bd6 10. Re1 O-O 11. dxc5 Bxc5 12. Nb3 Bd6 13. Bg5 Qc7 14. h3
Ne4 15. Be3 f5 16. Rc1 Bb7 17. Nfd4 Rf6 18. f3 f4 19. fxe4 fxe3 20. exd5 Bxd5
21. Rc2 Bh2+ 22. Kh1 Qg3 23. Nf3 Rxf3 24. gxf3 Bxf3+ 25. Qxf3 Qxf3+ 26. Kxh2
Qf4+ 27. Kh1 Qg3 28. Rce2 Qxh3+ 29. Rh2 Qf3+ 30. Rg2 e5 31. Reg1 Rd8 32. Nc1
Rd6 33. Re1 Rd2 34. Ne2 Rxb2 35. Kg1 Rxa2 36. Rf1 Qh5 37. Rh2 Qg6+ 38. Rg2 Qd3
39. Re1 Rd2 40. Kh1 g6 41. Kg1 a5 42. Kf1 Rd1 43. Rh2 Rxe1+ 44. Kxe1 Qd2+ 45.
Kf1 Qd1+ 0-1

[Event "Open Praha 2016 - B"]
[Site "Praha CZE"]
[Date "2016.01.09"]
[Round "3.4"]
[White "Jaeger, Andre"]
[Black "Bublik, Frantisek"]
[Result "1-0"]
[WhiteElo "1962"]
[BlackElo "1878"]
[PlyCount "59"]
[EventDate "2016.01.08"]
[EventType "swiss"]
[EventRounds "9"]
[EventCountry "CZE"]
[Source "lmi"]
[SourceDate "2016.01.08"]

1. d4 d5 2. c4 c6 3. cxd5 cxd5 4. Nc3 Nc6 5. Bf4 Nf6 6. e3 e6 7. Bd3 Bd6 8.
Bxd6 Qxd6 9. f4 Bd7 10. Rc1 Rc8 11. Nf3 Ng4 12. Qe2 f6 13. h3 Nh6 14. O-O Nf5
15. Qf2 Kf7 16. g4 Nfe7 17. Ne5+ Ke8 18. Nxd7 Kxd7 19. a3 Rcf8 20. b4 Nc8 21.
Nb5 Qe7 22. e4 Nb6 23. exd5 Nxd5 24. Rfe1 a6 25. Bc4 Qd8 26. Nc3 Nc7 27. d5
exd5 28. Nxd5 Nxd5 29. Bxd5 Kc7 30. Bxc6 1-0

[Event "Open Praha 2016 - B"]
[Site "Praha CZE"]
[Date "2016.01.09"]
[Round "3.5"]
[White "Ruzicka, Vaclav"]
[Black "Svetly, Jiri"]
[Result "0-1"]
[WhiteElo "1650"]
[BlackElo "1962"]
[PlyCount "84"]
[EventDate "2016.01.08"]
[EventType "swiss"]
[EventRounds "9"]
[EventCountry "CZE"]
[Source "lmi"]
[SourceDate "2016.01.08"]

1. c4 d6 2. g3 g6 3. Bg2 Bg7 4. e4 c5 5. Ne2 Nc6 6. O-O f5 7. d3 Nf6 8. h3 O-O
9. Nbc3 e5 10. f4 fxe4 11. dxe4 Nd4 12. fxe5 dxe5 13. Bg5 h6 14. Bxf6 Rxf6 15.
Nxd4 Rxf1+ 16. Bxf1 exd4 17. Nd5 Qg5 18. Qf3 Be5 19. Kh2 Be6 20. Qg2 h5 21. Nf4
Bxf4 22. gxf4 Qxf4+ 23. Kh1 Kh7 24. e5 Rf8 25. Bd3 Bf5 26. Bxf5 Qxf5 27. Qxb7+
Rf7 28. Qg2 Qxe5 29. Rg1 Qf5 30. Rd1 a5 31. Kg1 g5 32. Rd2 Qf3 33. Qxf3 Rxf3
34. Kg2 Re3 35. b3 Kg6 36. Rf2 Rc3 37. Rd2 Kf5 38. Rf2+ Ke4 39. Re2+ Kf4 40.
Rf2+ Ke4 41. Re2+ Kd3 42. Kf1 Rc1+ 0-1